000 00746nam a2200289Ia 4500
005 20260324113734.0
008 008 260324s9999 xx 000 0 eng d
020 _a9781003300557
037 _aEBOOK
040 _aCRL
040 _beng
040 _cCRL
041 _2eng
041 _aeng
084 _qCRL
100 _aMoupriya Nag; Dibyajit Lahiri; Jaideep Banerjee; Taniya Roy Chowdhury
_91147977
245 0 _aNatural Products
245 0 _bAlternate Therapeutic as Quorum Sensing (QS) Inhibitors
260 _bTaylor and Francis
260 _c2023
365 _a
365 _b260
856 _uhttp://www.taylorfrancis.com/books/9781003300557
942 _cEBOOK
999 _c1737788
_d1737788